Tímový manažment projektu diplomová práca

Uložené v:
Podrobná bibliografia
Hlavný autor: Hanáková, Martina
Korporativný autor: Fakulta podnikového manažmentu EU. Katedra manažmentu
Ďalší autori: Thomasová, Elena
Médium: Kniha
Jazyk:Slovak
Vydavateľské údaje: Bratislava 2012
Tagy: Pridať tag
Žiadne tagy, Buďte prvý, kto otaguje tento záznam!

MARC

LEADER 00000nbm a2200000 4500
001 0154075
005 20161109102132.8
041 0 |a slo 
044 |a SK 
245 1 0 |a Tímový manažment projektu  |b diplomová práca  |c Martina Hanáková ; školiteľ: Elena Thomasová 
264 1 |a Bratislava  |c 2012 
300 |a 70 s. 
100 1 |a Hanáková, Martina 
700 1 |a Thomasová, Elena 
710 2 |a Fakulta podnikového manažmentu EU. Katedra manažmentu